000 00547nam a22001817a 4500
003 OSt
005 20160905141804.0
008 160905b xxu||||| |||| 00| 0 eng d
020 _a978-1-59308-227-7
040 _cLIC
082 _22006
_aDFic
_bB94
100 _914126
_aBurroughs, Edgar Rice
245 _aTarzan of the apes/
_cEdgar Rice Burroughs with an introduction and notes by Maura Spiegel.
260 _aNew York:
_bBarnes & Noble Classics,
_cc2006.
300 _axiii, 266 pages;
_c20 cm.
650 0 _914128
_aFiction
942 _2ddc
_cDFIC
999 _c4348
_d4348